Quizzes
Events
Quiz Creation
Community
Videos
Private Events
Remove Ads
Sign In
Join for FREE
Feedback
Dark Mode
Quiz Categories
Sports
Geography
Music
Movies
Television
Just For Fun
Miscellaneous
History
Literature
Language
Science
Gaming
Entertainment
Religion
Holiday
For Kids
Quiz Lab
Recent
Popular Today
Quiz Kudos Today
Editor Picks
Curator Picks
Quizzes by...
Day
Popularity
Type
Ratings
Length
Year
Community
Subscriptions
Recent Discussions
Orange Saloon
Badges
Playlists
Quests
Create
Leaderboards
Showdown
Live 5
Trivia Bingo
Activity
Puzzle Library
Sporcle Events
Private Events
Virtual Trivia
Globe League
Become a Host
Pub Owners
SporcleCon
Opinionation
Our Games
Videos
Blog
Mobile Apps
Partnerships
Remove Ads and Go Orange
Feedback
Television
TV Characters
TV Show
Sitcom
Network
Friends
Reality Shows
Cast
South Park
Star Trek
The Simpsons
Doctor Who
Television
TV Characters
TV Show
Sitcom
Network
Friends
Reality Shows
Cast
South Park
Star Trek
The Simpsons
Doctor Who
Random Quiz
Search Sporcle
×
Quiz Lab
Quiz Lab
Television
TV Characters
Type in answers that appear in a list
Type in answers that appear in a list
Classic
Best Score? Go Orange.
The Many Faces of Charlie Kelly Stats
Can you name the characters Charlie Kelly of 'It's Always Sunny in Philadelphia' has dressed up as?
By
dph9
3m
12 Questions
552 Plays
552 Plays
552 Plays
Comments
Comments
Give Quiz Kudos
Give Quiz Kudos
-
- Ratings
hide this ad
More Info
Replay
Link that replays current quiz
Next Quiz
Link to next quiz in quiz playlist
You Got
0%
They Got
Avg Score
39%
Avg Friend Score
Upgrade to see
Score Distribution
Jump to the score distribution portion of the page
Score
0/12
Timer
03:00
0
Plays Today
Episode
Character
% Correct
The Nightman Cometh
Dayman
79.9%
Bums: Making a Mess All Over the City
Serpico
69.4%
The Gang Gets Invincible
Green Man
69.2%
Charlie Gets Crippled
Vietnam Veteran
52.4%
The Gang Finds a Dead Guy
Nazi Officer
43.1%
The Gang Exploits a Miracle
Preacher
38.8%
The Gang Solves the Gas Crisis
Oil Tycoon
33.3%
The Gang Gives Back
Referee
30.1%
The Gang Wrestles for the Troops
Bird of War
29.5%
Sweet Dee's Dating a Retarded Person
Bob Dylan
14.7%
The Gang Cracks the Liberty Bell
Charles
10.9%
Charlie Goes America All Over Everybody's Ass
Springsteen
6.2%
Quiz Playlist
Details
Report
Send in Message
Add To Playlist
More Info:
For characters that have appeared in multiple episodes, the episode listed is the first appearance.
Classic:
Type in answers that appear in a list
Quiz Source
Last Updated: Feb 16, 2017
Quiz Scoreboard
CHALLENGE
Sign Up to Join the Scoreboard
Show All
Scores
Hide
Comments
May contain spoilers
Recently Published
Pick 6: Fruits
by JohnFran
Miscellaneous
15s
Click the 1999 NBA Draft
by nibperrychub
Sports
2m
Alphabetical 'K' Countries by Flag Minefield
by ylime102
Geography
3m
More to Explore
Quiz From the Vault
Featured Blog Post
15 Basketball Trivia Facts You Can Be March Mad About
hide this ad
You Might Also Like...
Tags
TV Characters Quiz
charlie
Comedy
It's Always Sunny in Philadelphia
Kelly
Philadelphia
Sunny
Sunny Characters
Sunny Episodes
Sunny Quotes
Today's Top Quizzes in Television
Browse Television
hide this ad
Today's Top Quizzes in TV Characters
Browse TV Characters
Top Contributed Quizzes in Television
1
Hidden Simpsons Character
2
First Name TV: Leading Men
3
Hidden Simpsons Character II
4
Hidden Simpsons Character III
5
First Name TV: Leading Women Drama
6
Hidden Simpsons Character IV
7
Hidden Simpsons Character V
8
Hidden Simpsons Character VI
9
Hidden Simpsons Character VII
10
Pick A Pair: Religious TV
Explore More
Trending Topics
Disney
Crossword
NBA
Anime
Marvel
Kpop
Harry Potter
Song
Soccer
Pokémon
Puzzle
Country
The Office
NFL
WWE
hide this ad
More By:
dph9
Quiz
Plays
Rating
Category
Featured
Created
Arrested Development Quotes
44,889
4.52
Television
Jan 31, 2011
US Politicians Say the Darndest Things
35,423
4.33
History
Jan 31, 2011
Agent Profile: Sterling Archer
3,744
4.81
Television
Apr 5, 2013
AFI's top 25 Female Screen Legends
2,440
4.50
Movies
Jan 30, 2011
AFI's top 25 Male Screen Legends
1,616
4.50
Movies
Jan 30, 2011
Go to Creator's Profile
Score Distribution
Quiz Creator Spotlight
dph9
Follow
Send a Message
Quizzes Created
-
Created Quiz Play Count
-
More By This Creator
Popular Quizzes Today
1
Countries of Asia Without Outlines Minefield
2
Pick 6: Fruits
3
Find the US States - No Outlines Minefield
4
Alphabetical 'K' Countries by Flag Minefield
5
Click the 1999 NBA Draft
6
The Countries of the World
7
Match the Book to the Film X
8
Find the US States
More Television Quizzes
10 Highest Paid Sitcom Stars of All Time
Published
Trending Quizzes
Donkey Kong Minefield
Multiplication Danger Zone
DC Extended Universe: Oldest to Newest
The 3rd Thing You Need to Know: Actresses
Minefield Map: North American Capitals
Recently Updated
Women's Final Four Teams by Year
bhenderson79
Presidents Quartet II
eogle
Anything But Clue(do)
eogle
Anything But Oceanian Capitals
eogle
Anything But 7
eogle
Anything But Thing
eogle
Word Ladder: February 29
pecheneg
Song Title Questions
pecheneg
Women's NCAA Tournament #1 Seeds
pecheneg
Celebrity Mug Shots
pecheneg
Trending Topics
Harry Potter
Anime
Kpop
Disney
Marvel
Crossword
NBA
Soccer
Puzzle
Pokémon
WWE
Song
Country
The Office
NFL
Your Account Isn't Verified!
In order to create a playlist on Sporcle, you need to verify the email address you used during registration. Go to your
Sporcle Settings
to finish the process.
Report this User
Report this user for behavior that violates our
Community Guidelines
.
Details:
Send Report
Go to the Sporcle.com Mobile Site →
Comments